[Event "8. Open de Calvia de Aficionados 2011"]
[Site "Calvià ESP"]
[Date "2011.10.16"]
[Round "9.17"]
[White "Svensson, Leif 1940"]
[Black "Sokalskaja, Elena"]
[Result "0-1"]
[WhiteElo "2156"]
[BlackElo "2040"]
[PlyCount "130"]
[EventDate "2011.10.08"]
[EventType "swiss"]
[EventRounds "9"]
[EventCountry "ESP"]
[Source "lmi"]
[SourceDate "2011.10.08"]

1. d4 c6 2. Nc3 d5 3. Bg5 Qb6 4. Rb1 Bf5 5. Nf3 Nd7 6. e3 Ngf6 7. Bd3 Bg4 8. h3
Bxf3 9. Qxf3 e6 10. O-O Bd6 11. Rfd1 h6 12. Bf4 Qc7 13. Bxd6 Qxd6 14. e4 dxe4
15. Bxe4 O-O 16. Bd3 Rad8 17. Ne2 Qd5 18. Qg3 Qg5 19. Qxg5 hxg5 20. b4 Rfe8 21.
a4 e5 22. b5 c5 23. dxe5 Nxe5 24. Ng3 Nxd3 25. cxd3 Rd4 26. a5 Red8 27. b6 a6
28. Rdc1 R8d5 29. Ne2 Rxd3 30. Nc3 Re5 31. Na4 Nd7 32. Rc4 Rd4 33. Rbc1 Rxc4
34. Rxc4 Kf8 35. Nc3 f5 36. f4 gxf4 37. Rxf4 g5 38. Rc4 Ke7 39. Kf2 Kd6 40. h4
gxh4 41. Rxh4 Re7 42. Rf4 Ke5 43. Kf3 Rh7 44. Nd1 Rh5 45. Nf2 Ke6 46. g4 Ne5+
47. Ke3 fxg4 48. Nxg4 Rh3+ 49. Ke4 Nxg4 50. Rxg4 Ra3 51. Rg7 Rxa5 52. Rxb7 Rb5
53. Rh7 Rb4+ 54. Kd3 Kd5 55. b7 Kc6 56. Kc3 Rxb7 57. Rh8 Kb5 58. Rc8 a5 59. Rh8
a4 60. Ra8 Rb6 61. Rc8 Ra6 62. Kb2 a3+ 63. Ka2 Kb4 64. Rb8+ Kc3 65. Rc8 c4 0-1

[Event "8. Open de Calvia de Aficionados 2011"]
[Site "Calvià ESP"]
[Date "2011.10.16"]
[Round "9.18"]
[White "Schuermans, Robert"]
[Black "Strand, Oyvin"]
[Result "1-0"]
[WhiteElo "2139"]
[BlackElo "2021"]
[PlyCount "41"]
[EventDate "2011.10.08"]
[EventType "swiss"]
[EventRounds "9"]
[EventCountry "ESP"]
[Source "lmi"]
[SourceDate "2011.10.08"]

1. e4 e6 2. d4 d5 3. Nc3 dxe4 4. Nxe4 Bd7 5. Nf3 Bc6 6. Bd3 Nd7 7. O-O Ngf6 8.
Neg5 Bd6 9. Re1 Bxf3 10. Qxf3 c6 11. Qh3 Qc7 12. c4 Nf8 13. d5 cxd5 14. cxd5
Nxd5 15. Bb5+ Kd8 16. Qh5 Ng6 17. Rxe6 Bxh2+ 18. Kh1 Kc8 19. Re4 Bd6 20. Rc4
Bc5 21. Ne4 1-0